Life cycle assessment

Uloženo v:
Podrobná bibliografie
Médium: Kniha
Jazyk:Undetermined
Vydáno: 2000
Témata:
Tagy: Přidat tag
Žádné tagy, Buďte první, kdo otaguje tento záznam!
Thư viện lưu trữ: Trung tâm Học liệu Trường Đại học Cần Thơ
LEADER 00417nam a2200133Ia 4500
001 CTU_141960
008 210402s9999 xx 000 0 und d
082 |a 363.737 
082 |b L722 
245 0 |a Life cycle assessment 
260 |c 2000 
650 |a Environmental risk assessment,Environmental management,Quản lý môi trường 
904 |i Tuyến 
980 |a Trung tâm Học liệu Trường Đại học Cần Thơ